Score 0/18 Timer 03:00
0 Plays Today
% Correct
Auntie Em
91.9%
Aunt Patty & Selma
84.7%
Aunt Viv
81.5%
Aunt Becky
79.9%
Aunt Bee
76.6%
Aunt Hilda & Zelda
76.6%
Aunt Jackie
73.4%
Aunt Polly
68.2%
Aunt Clara
67.2%
% Correct
Aunt Lily
67.2%
Aunt Petunia
66.9%
Aunt March
65.9%
Aunt Esther
53.6%
Aunt Harriet
52.9%
Aunt Trunchbull
47.4%
Aunt Spiker & Sponge
39.9%
Auntie Mame
36.7%
Aunt Eller
34.4%
Remove Ads.
Support Sporcle.
Get the best of Sporcle when you Go Orange. This ad-free experience offers more features, more stats, and more fun while also helping to support Sporcle. Thank you for becoming a member.

You're not logged in!

Compare scores with friends on all Sporcle quizzes.
OR
Log In

Sporcle TV

Today on Sporcle TV


Watch our educational content, quiz creation guides, and fun videos on Sporcle TV.

Show Comments

Extras

Created Jun 12, 2020ReportNominate
Tags:aunt, Fictional Characters

Top Quizzes Today


Score Distribution

Paid Content

Your Account Isn't Verified!

In order to create a playlist on Sporcle, you need to verify the email address you used during registration. Go to your Sporcle Settings to finish the process.

Report this User

Report this user for behavior that violates our Community Guidelines.

Details: